01057nam a2200241 a 450000100100000000500170001000800410002702000180006804000250008608200210011110000450013224500950017725000110027226000410028330000350032450400330035970000280039204900090042095201250042995201190055495201250067399900170079800002645820200930030232.0110318s2008 dr ac 000 0 spa d a9788466739405 aDO-SdBNPbspacBNPHU axxxxbL834, 20081 aSantana Cordero, Loida Altagracia95351510aReligión 1 :bformación integral humana y religiosa /cpresentación Melanio Paredes. a4a ed. aSanto Domingo :bGrupo Anaya,c2008. a149 p. :bil., retr. ;c27 cm. aBibliografía : [p.150-152]1 aParedes, Melanio953516 aBNPD 0010718DSaGRbGRcCTd2011-03-18iLF1l0oxxxx L834, 2008p26458-30r2020-06-25te. 3w2020-06-25yLFDSZNo se presta 0010718PDaPDbPDcCTd2011-03-18iLF1l0oxxxx L834, 2008p26458-10r2020-06-25w2020-06-25yLFPDZNo se presta 0010718PDaPDbPDcCTd2011-03-18iLF1l0oxxxx L834, 2008p26458-20r2020-06-25te. 2w2020-06-25yLFPDZNo se presta c25950d25950